000 00733nam a22002411a 4500
008
020 _a0727720465 (hbk.)
049 _aMAIN
090 _aTC174
245 0 0 _aTables for the calculation of friction in internal flows /
_cH.R. Wallingford and D.I.H. Barr.
260 _aLondon :
_bThomas Telford,
_c1995.
300 _a331 p. ;
_c30 cm.
650 0 _aPipe
_xHydrodynamics
_vTables.
650 0 _aFrictional resistance
_vHydrodynamics)
_vTables.
650 0 _aTurbulence
_vTables.
700 1 _aBarr, D. I. H.
710 2 _aH.R Wallingford
907 _a.b10175052
_b13-09-05
_c09-09-05
003
005 20230123134106.0
040 _cNUST
942 _cBOOKS
_kTC174
999 _c159901
_d159901